|
|
|
|
| LEADER |
00000nam a2200000 i 4500 |
| 001 |
1/30125 |
| 008 |
060524s1997 eng d |
| 020 |
|
|
|a 0-471-12072-3
|
| 035 |
|
|
|l 10084069
|
| 040 |
|
|
|a GR-MY-UA
|b gre
|e aacr
|
| 041 |
0 |
|
|a eng
|
| 082 |
0 |
|
|a 620.16
|2 (22)
|
| 100 |
1 |
|
|a Nembach, E.
|q (Eckhard)
|
| 245 |
1 |
0 |
|a Particle strengthening of metals and alloys /
|c Eckhard Nembach
|
| 260 |
|
|
|a New York :
|b Wiley,
|c c1997
|
| 300 |
|
|
|a 285 σ.;
|b εικ. σχήμ.;
|c 25 εκ.
|
| 504 |
|
|
|a Περιλαμβάνει βιβλιογραφίες και ευρετήριο
|
| 650 |
0 |
0 |
|a Metals
|x Effect of radiation on.
|
| 650 |
0 |
0 |
|a Strengthening mechanisms in solids.
|
| 650 |
0 |
0 |
|a Particle beams.
|
| 852 |
|
|
|a INST
|b SYROS
|e 20060524
|h 620.16 NEM
|p 005500004810
|q 005500004810
|t BK
|y 0
|
| 901 |
|
|
|a BIBL5-2006-2
|
| 909 |
|
|
|a Ε
|b 117550
|
| 922 |
|
|
|a ΔΙΕΥΡΥΝΣΗ
|b ΕΠΕΑΕΚ-ΤΜΣΠΣ
|c ΒΙΒΛΙΟΘΗΚΗ ΣΥΡΟΥ
|d 200410
|
| 970 |
|
|
|a ΚΑΓΙΑΒΑ
|b ΕΙΡΗΝΗ
|z 2006/05/24
|